[Event "Team Russia"]
[Site "Petergof"]
[Date "2015.08.08"]
[Round "8.16"]
[White "Alekseeva, Irina"]
[Black "Potapova, Margarita"]
[Result "0-1"]
[WhiteElo "2141"]
[BlackElo "2069"]
[PlyCount "141"]
[EventDate "2015.08.??"]
[EventType "team-swiss"]

1. e4 c6 2. d4 d5 3. e5 Bf5 4. Be2 e6 5. Nf3 c5 6. c4 dxc4 7. Bxc4 Nc6 8. O-O
cxd4 9. Bb5 Bc5 10. b4 Bb6 11. Bb2 Nge7 12. Nxd4 Bxd4 13. Bxd4 a6 14. Bxc6+
Nxc6 15. Bc3 O-O 16. Nd2 Qd3 17. Rc1 Rfd8 18. Nb3 Qe4 19. Qe1 Qf4 20. Qe3 Qxe3
21. fxe3 Ne7 22. Bd4 Nd5 23. a3 b6 24. Rc6 Rdb8 25. Nd2 Bd3 26. Rfc1 Bb5 27.
Rd6 a5 28. g3 axb4 29. axb4 Ba4 30. Rb1 b5 31. e4 Ne7 32. Rf1 Rb7 33. Rc1 h6
34. Nf3 Bb3 35. Nd2 Ba4 36. Kf2 Kf8 37. Bc5 Ke8 38. Rc3 g5 39. Nf3 Ng6 40. h3
Rbb8 41. Rd2 Ra7 42. Bd6 Rd8 43. Nd4 Ne7 44. Rc5 Rb7 45. Rd3 Ra8 46. Rdc3 Ng6
47. Nc6 Rd7 48. Nd4 Rb7 49. Ke2 Rd8 50. Nc6 Ra8 51. Nd4 Rd8 52. Ke3 Nf8 53. Rc7
Rxc7 54. Rxc7 Nd7 55. Rb7 Ra8 56. h4 Kd8 57. hxg5 hxg5 58. Nf3 g4 59. Ng5 Ke8
60. Nxf7 Kxf7 61. Rxd7+ Kg6 62. Kf4 Bd1 63. Re7 Rf8+ 64. Ke3 Rf3+ 65. Kd2 Bb3
66. Rc7 Bc4 67. Ra7 Rxg3 68. Ra1 Kg5 69. Rh1 Kf4 70. Re1 Rf3 71. Rg1 0-1

[Event "Team Russia"]
[Site "Petergof"]
[Date "2015.08.08"]
[Round "8.17"]
[White "Tarasov, Alexandr"]
[Black "Minko, Vladimir"]
[Result "1-0"]
[WhiteElo "2305"]
[BlackElo "2268"]
[PlyCount "73"]
[EventDate "2015.08.??"]
[EventType "team-swiss"]

1. c4 c5 2. Nf3 Nc6 3. Nc3 e5 4. g3 d6 5. Bg2 g6 6. O-O Bg7 7. Ne1 Be6 8. d3
Nge7 9. Nc2 d5 10. cxd5 Nxd5 11. Ne4 b6 12. Ng5 Bc8 13. Bd2 O-O 14. Ne3 Nde7
15. b4 h6 16. Nxf7 Rxf7 17. b5 Bb7 18. bxc6 Bxc6 19. Bh3 Nf5 20. Nc2 e4 21.
dxe4 Bxa1 22. exf5 Qd5 23. f3 Bg7 24. fxg6 Re7 25. e4 Qxa2 26. Bf4 Rae8 27. Qd6
Bb5 28. Rc1 Bc4 29. Ne3 Bd4 30. Kh1 Bxe3 31. Bxe3 Be6 32. Bg2 Qe2 33. Qf4 h5
34. Qh6 Rd7 35. h4 Bb3 36. Bg5 Rf8 37. g4 1-0

[Event "Team Russia"]
[Site "Petergof"]
[Date "2015.08.08"]
[Round "8.18"]
[White "Maslov, Ivan"]
[Black "Payanidi, Janis"]
[Result "1/2-1/2"]
[WhiteElo "2264"]
[BlackElo "2238"]
[PlyCount "86"]
[EventDate "2015.08.??"]
[EventType "team-swiss"]

1. d4 Nf6 2. c4 b6 3. Nf3 e6 4. g3 Ba6 5. Qc2 Bb7 6. Bg2 c5 7. dxc5 Bxc5 8. Nc3
Nc6 9. O-O O-O 10. a3 a5 11. Bf4 Qe7 12. Rad1 Rfd8 13. Na4 d6 14. Bg5 h6 15.
Bxf6 Qxf6 16. e3 Ne7 17. Nd4 Bxg2 18. Kxg2 Rac8 19. Nb3 Nc6 20. Nbxc5 bxc5 21.
h3 Qe5 22. Rd2 f5 23. Rfd1 Rb8 24. Nc3 Rb6 25. Nb5 a4 26. f4 Qxe3 27. Re2 Qb3
28. Qxb3 axb3 29. Rxe6 Na5 30. Rdxd6 Rdxd6 31. Rxd6 Nxc4 32. Rxb6 Nxb6 33. Nc3
Kf7 34. Kf3 Ke6 35. Ke2 Nc4 36. Na4 Kd5 37. Kd3 Nd6 38. Nc3+ Kc6 39. Nd1 g6 40.
Nc3 Nb7 41. Kc4 Na5+ 42. Kd3 Nb7 43. Kc4 Na5+ 1/2-1/2

[Event "Team Russia"]
[Site "Petergof"]
[Date "2015.08.08"]
[Round "8.19"]
[White "Kovalev, Egor"]
[Black "Voloshin, Pavel"]
[Result "1/2-1/2"]
[WhiteElo "2186"]
[BlackElo "2053"]
[PlyCount "72"]
[EventDate "2015.08.??"]
[EventType "team-swiss"]

1. Nf3 e6 2. d4 c5 3. e4 d5 4. exd5 exd5 5. Bb5+ Nc6 6. O-O Bd6 7. Bg5 Nge7 8.
dxc5 Bxc5 9. Bxe7 Bxe7 10. Nc3 Be6 11. Nd4 Qd6 12. Qf3 Bf6 13. Nf5 Bxf5 14.
Nxd5 O-O 15. Qxf5 Be5 16. Bxc6 bxc6 17. Ne3 Bxh2+ 18. Kh1 Be5 19. Nc4 Qh6+ 20.
Qh3 Qxh3+ 21. gxh3 Bc7 22. Rad1 Rfd8 23. Kg2 f6 24. Rxd8+ Rxd8 25. Re1 Kf7 26.
Re3 Rd5 27. b4 Rb5 28. c3 Rg5+ 29. Kf1 Rd5 30. Ke2 g5 31. a4 h5 32. f3 Rd7 33.
Rd3 Re7+ 34. Re3 Rd7 35. Rd3 Re7+ 36. Re3 Rd7 1/2-1/2

[Event "Team Russia"]
[Site "Petergof"]
[Date "2015.08.08"]
[Round "8.20"]
[White "Paramzina, Anastasya"]
[Black "Milovanova, Maria"]
[Result "1-0"]
[WhiteElo "2303"]
[BlackElo "1945"]
[PlyCount "101"]
[EventDate "2015.08.??"]
[EventType "team-swiss"]

1. e4 c5 2. Nf3 Nc6 3. Bb5 e6 4. O-O Nge7 5. b3 a6 6. Bxc6 Nxc6 7. Bb2 Qc7 8.
Re1 b6 9. Nc3 Bb7 10. Qe2 f6 11. Nh4 O-O-O 12. Nf3 g5 13. Nd1 Be7 14. Ne3 Rhg8
15. Ng4 Rdf8 16. e5 f5 17. Nf6 Rg7 18. d3 Nb4 19. Red1 g4 20. Ne1 Nd5 21. Nxd5
Bxd5 22. c4 Bb7 23. d4 f4 24. d5 Bd8 25. f3 h5 26. Qe4 h4 27. fxg4 Rxg4 28. h3
Rg3 29. Rd3 exd5 30. cxd5 b5 31. Rc1 Kb8 32. Rxg3 fxg3 33. Nf3 Qa5 34. a3 Bb6
35. Kh1 c4 36. b4 Qa4 37. e6 dxe6 38. Qxe6 Ka7 39. Bd4 Bxd4 40. Nxd4 Qxa3 41.
Rg1 c3 42. Qe3 Ka8 43. Nc6 Bxc6 44. dxc6 Rb8 45. Qf3 Ka7 46. Re1 Qxb4 47. Qe3+
Ka8 48. Ra1 a5 49. c7 Rc8 50. Qb6 Rxc7 51. Qxc7 1-0

[Event "Team Russia"]
[Site "Petergof"]
[Date "2015.08.08"]
[Round "8.21"]
[White "Gogin, Maksim"]
[Black "Morozov, Egor"]
[Result "0-1"]
[WhiteElo "2183"]
[BlackElo "2262"]
[PlyCount "74"]
[EventDate "2015.08.??"]
[EventType "team-swiss"]

1. d4 g6 2. Nf3 Bg7 3. g3 Nf6 4. Bg2 O-O 5. O-O d6 6. c4 Nc6 7. Nc3 e5 8. d5
Ne7 9. e4 Ne8 10. Ne1 f5 11. Nd3 Nf6 12. Bg5 fxe4 13. Bxf6 Bxf6 14. Nxe4 Nf5
15. c5 h5 16. Qd2 Bd7 17. a4 Nd4 18. Ra3 Qe7 19. f4 Bg7 20. cxd6 cxd6 21. fxe5
Rxf1+ 22. Kxf1 Rf8+ 23. Kg1 dxe5 24. Qg5 Qxg5 25. Nxg5 Bf5 26. h4 Rc8 27. d6
Bf8 28. Bxb7 Rc2 29. Bd5+ Kg7 30. Nf7 Ne2+ 31. Kf1 Nxg3+ 32. Ke1 Bg4 33. Rc3
Re2+ 34. Kd1 Rf2+ 35. Ke1 Rf1+ 36. Kd2 Rxf7 37. Nxe5 Rf2+ 0-1

[Event "Team Russia"]
[Site "Petergof"]
[Date "2015.08.08"]
[Round "8.22"]
[White "Yashmetov, Mikhail"]
[Black "Zakharikov, Ivan"]
[Result "0-1"]
[WhiteElo "2183"]
[BlackElo "1971"]
[PlyCount "74"]
[EventDate "2015.08.??"]
[EventType "team-swiss"]

1. d4 d5 2. c4 e6 3. Nf3 Nf6 4. g3 Be7 5. Bg2 O-O 6. O-O dxc4 7. Qc2 a6 8. Qxc4
b5 9. Qc2 Bb7 10. Nbd2 Nc6 11. Nb3 Nb4 12. Qd1 Rc8 13. a3 Nbd5 14. Ne5 c5 15.
dxc5 Bxc5 16. Nxc5 Rxc5 17. Nd3 Rc8 18. Bd2 Qd7 19. Rc1 Rxc1 20. Qxc1 Rc8 21.
Nc5 Qe7 22. b4 Nd7 23. e4 N5f6 24. Be3 Bxe4 25. Nxe4 Rxc1 26. Rxc1 h6 27. Nc5
Qd6 28. Bb7 Ng4 29. Bf4 Qd4 30. Ne4 e5 31. h3 Nxf2 32. Nxf2 exf4 33. Rd1 Qe3
34. gxf4 Nf6 35. Rd3 Qxf4 36. Bxa6 Qc1+ 37. Kh2 Qc6 0-1

[Event "Team Russia"]
[Site "Petergof"]
[Date "2015.08.08"]
[Round "8.23"]
[White "Skafar, Darya"]
[Black "Volkov, Roman"]
[Result "1/2-1/2"]
[WhiteElo "1974"]
[BlackElo "1928"]
[PlyCount "87"]
[EventDate "2015.08.??"]
[EventType "team-swiss"]

1. e4 e5 2. Nf3 Nc6 3. d4 exd4 4. Nxd4 Nf6 5. Nxc6 bxc6 6. e5 Qe7 7. Qe2 Nd5 8.
c4 Nb6 9. Nc3 Bb7 10. b3 g6 11. Bb2 Bg7 12. f4 O-O 13. O-O-O Rfe8 14. Qd2 Rad8
15. Bd3 d5 16. exd6 cxd6 17. Rhe1 Qf8 18. Kb1 d5 19. cxd5 cxd5 20. f5 Nc4 21.
Bxc4 dxc4 22. Qg5 cxb3 23. axb3 Rxd1+ 24. Rxd1 Rc8 25. f6 Bh6 26. Qh4 Be3 27.
Rd3 Bb6 28. Rh3 h5 29. g4 Bg2 30. Rd3 Qb4 31. Qg5 Bd4 32. gxh5 Bxc3 33. Qxg2
Bxb2 34. Kxb2 Qb5 35. Qd2 Qe5+ 36. Ka2 Qxf6 37. hxg6 Qa6+ 38. Kb2 Qf6+ 39. Ka2
fxg6 40. Rd6 Qf7 41. Qg2 Kg7 42. Qb2+ Kg8 43. Qg2 Kg7 44. Qb2+ 1/2-1/2

[Event "Team Russia"]
[Site "Petergof"]
[Date "2015.08.08"]
[Round "8.24"]
[White "Dimitrova, Aleksandra"]
[Black "Solozhenkina, Elizaveta"]
[Result "1-0"]
[WhiteElo "2134"]
[BlackElo "2052"]
[PlyCount "79"]
[EventDate "2015.08.??"]
[EventType "team-swiss"]

1. e4 c5 2. Nf3 e6 3. d4 cxd4 4. Nxd4 a6 5. Bd3 Bc5 6. Nb3 Be7 7. O-O d6 8. c4
Nd7 9. f4 Ngf6 10. Nc3 b6 11. Qe2 Qc7 12. Bd2 Bb7 13. Rae1 h5 14. a4 Nc5 15.
Nxc5 bxc5 16. e5 Nd7 17. exd6 Bxd6 18. Nd5 Qd8 19. f5 e5 20. Bc3 Bxd5 21. cxd5
Qh4 22. Bxa6 O-O 23. Bb5 Nb6 24. Bc6 Ra7 25. Qe4 Qg5 26. f6 g6 27. Bxe5 Bxe5
28. Qxe5 Qxe5 29. Rxe5 Nc4 30. Re7 Ra5 31. Rb7 Nd6 32. Rb6 Nc4 33. Rb5 Rxb5 34.
axb5 Nxb2 35. Rc1 Na4 36. d6 Rd8 37. d7 Nb6 38. Rxc5 Kh7 39. Re5 Nxd7 40. Rd5
1-0

[Event "Team Russia"]
[Site "Petergof"]
[Date "2015.08.08"]
[Round "8.25"]
[White "Schekachikhin, Maksim"]
[Black "Ermolaev, Evgeny"]
[Result "1/2-1/2"]
[WhiteElo "2316"]
[BlackElo "2296"]
[PlyCount "80"]
[EventDate "2015.08.??"]
[EventType "team-swiss"]

1. e4 c5 2. Nf3 d6 3. d4 cxd4 4. Nxd4 Nf6 5. Nc3 a6 6. Be3 e6 7. f3 b5 8. Qd2
Nbd7 9. g4 Nb6 10. a4 Nc4 11. Bxc4 bxc4 12. a5 Bb7 13. Na4 d5 14. g5 Nd7 15.
exd5 Bxd5 16. O-O-O Rb8 17. Bf4 Rb4 18. Nc3 Qxa5 19. Qe3 Rb7 20. Nf5 Bc5 21.
Nd6+ Bxd6 22. Bxd6 Bc6 23. Ba3 Qe5 24. Ne4 Bxe4 25. fxe4 h6 26. h4 hxg5 27.
hxg5 Rxh1 28. Rxh1 Kd8 29. Rf1 f6 30. gxf6 gxf6 31. Rd1 Qg5 32. Qxg5 fxg5 33.
Rd4 e5 34. Rxc4 Rb6 35. Kd2 g4 36. Ke2 Rf6 37. Rc3 Rf4 38. Re3 Kc7 39. Be7 Nf6
40. Bxf6 Rxf6 1/2-1/2

[Event "Team Russia"]
[Site "Petergof"]
[Date "2015.08.08"]
[Round "8.26"]
[White "Shilyaev, Fedor"]
[Black "Opanasenko, Mikhail"]
[Result "1-0"]
[WhiteElo "2148"]
[BlackElo "2043"]
[PlyCount "97"]
[EventDate "2015.08.??"]
[EventType "team-swiss"]

1. e4 e6 2. d4 d5 3. Nc3 Nf6 4. e5 Nfd7 5. Nf3 c5 6. dxc5 Nc6 7. Bf4 Bxc5 8.
Bd3 h6 9. Bg3 a6 10. O-O b5 11. a3 O-O 12. Re1 Bb7 13. Ne2 Bb6 14. b4 Qb8 15.
Nc1 Bc7 16. Qe2 Nb6 17. Nb3 Nc4 18. c3 Bb6 19. h4 f5 20. Bf4 Qa7 21. a4 Qb8 22.
Red1 Qc7 23. Bxc4 dxc4 24. Nbd4 Nxd4 25. Nxd4 Bxd4 26. Rxd4 Bd5 27. a5 Rad8 28.
f3 Qf7 29. Qf2 Qh5 30. Rad1 Kf7 31. Be3 Ke8 32. Qg3 Rg8 33. Rxd5 exd5 34. Bb6
Rc8 35. e6 g5 36. Qd6 Rg7 37. Qe5 Qg6 38. Qxd5 Kf8 39. h5 Qxh5 40. e7+ Rxe7 41.
Qxf5+ Qf7 42. Qxc8+ Kg7 43. Bd4+ Kg6 44. Qxa6+ Kh5 45. Qd6 Re2 46. Qg3 Qe7 47.
Bc5 Qf6 48. Qg4+ Kg6 49. Rd6 1-0

[Event "Team Russia"]
[Site "Petergof"]
[Date "2015.08.08"]
[Round "8.27"]
[White "Chernov, Maksim"]
[Black "Russkikh, Nikita"]
[Result "1/2-1/2"]
[WhiteElo "2047"]
[BlackElo "2060"]
[PlyCount "120"]
[EventDate "2015.08.??"]
[EventType "team-swiss"]

1. e4 c5 2. Nf3 e6 3. d4 cxd4 4. Nxd4 a6 5. Bd3 Bc5 6. Nb3 Ba7 7. Qe2 Nc6 8.
Be3 d6 9. Bxa7 Rxa7 10. O-O Nf6 11. c3 O-O 12. f4 e5 13. f5 b5 14. N1d2 Qb6+
15. Kh1 d5 16. Bc2 dxe4 17. Nxe4 Ne7 18. Nec5 Ned5 19. a4 Rc7 20. axb5 axb5 21.
Qxe5 Rxc5 22. Nxc5 Qxc5 23. Rae1 Ng4 24. Qe2 Nge3 25. Rf3 Nxc2 26. Qxc2 Nf6 27.
h3 Bb7 28. Rfe3 h6 29. Re5 Bd5 30. Qd2 Rd8 31. Qe3 Qc6 32. Re2 Ra8 33. Qg3 Bc4
34. Re1 Ra2 35. Qf2 Qa8 36. Kg1 Qd8 37. Qc2 Qd6 38. Qf2 b4 39. Qc5 Qxc5+ 40.
Rxc5 Bd5 41. c4 Be4 42. Re5 Bd3 43. Rd1 Be4 44. Re1 Bc6 45. Rc5 Bd7 46. Re2 h5
47. Kf2 Ra6 48. Ke3 Rd6 49. Kf4 Ba4 50. Rc8+ Kh7 51. Re7 Rd2 52. g4 hxg4 53.
hxg4 Rd4+ 54. Ke5 Rxg4 55. Rxf7 Bb3 56. Rb7 Bxc4 57. Rxb4 Ba6 58. Rcb8 Rg2 59.
Rd8 Re2+ 60. Kf4 Rf2+ 1/2-1/2

[Event "Team Russia"]
[Site "Petergof"]
[Date "2015.08.08"]
[Round "8.28"]
[White "Khusnutdinova, Alsu"]
[Black "Petrochenko, Maria"]
[Result "1-0"]
[WhiteElo "2133"]
[BlackElo "1997"]
[PlyCount "75"]
[EventDate "2015.08.??"]
[EventType "team-swiss"]

1. e4 d5 2. exd5 Qxd5 3. Nc3 Qa5 4. Nf3 Bg4 5. d4 Nf6 6. h3 Bxf3 7. Qxf3 c6 8.
Bc4 e6 9. O-O Bd6 10. Ne4 Be7 11. Bf4 Nxe4 12. Qxe4 Nd7 13. Rfe1 Nf6 14. Qe2
O-O 15. c3 b5 16. Bd3 Qb6 17. Be5 g6 18. Qe3 Nd7 19. Qh6 Nxe5 20. Rxe5 f5 21.
Rxe6 Bf6 22. Rae1 Qc7 23. Qe3 Qd7 24. Bc2 Kh8 25. Bb3 a5 26. a3 a4 27. Bd1 Rac8
28. Bf3 Kg7 29. g3 h6 30. h4 h5 31. Kg2 Kf7 32. d5 c5 33. Rxf6+ Kxf6 34. Qg5+
Kf7 35. Re6 Kg8 36. Rxg6+ Kf7 37. Rg7+ Ke8 38. Bxh5+ 1-0

[Event "Team Russia"]
[Site "Petergof"]
[Date "2015.08.08"]
[Round "8.29"]
[White "Khramov, Andrey"]
[Black "Shapiro, David"]
[Result "0-1"]
[WhiteElo "2060"]
[BlackElo "2292"]
[PlyCount "96"]
[EventDate "2015.08.??"]
[EventType "team-swiss"]

1. e4 e5 2. Nf3 Nf6 3. Nxe5 d6 4. Nf3 Nxe4 5. Nc3 Nxc3 6. dxc3 Be7 7. Bf4 Nd7
8. Qd2 Nc5 9. O-O-O O-O 10. Nd4 Re8 11. Bd3 Nxd3+ 12. Qxd3 Bg5 13. Qg3 Bxf4+
14. Qxf4 Qe7 15. g3 Bd7 16. h4 a5 17. Kd2 Qe5 18. Qf3 Qe4 19. Rde1 Qxf3 20.
Nxf3 Bc6 21. Rxe8+ Rxe8 22. Re1 Rxe1 23. Nxe1 f6 24. Ke3 Kf7 25. Nf3 Bxf3 26.
Kxf3 d5 27. Kf4 g6 28. Ke3 g5 29. hxg5 fxg5 30. g4 Ke6 31. f4 gxf4+ 32. Kxf4 h6
33. Kg3 Ke5 34. Kf3 a4 35. Ke3 c5 36. c4 dxc4 37. c3 b5 38. a3 Kf6 39. Kf2 Kg5
40. Kg3 b4 41. Kf3 Kh4 42. Kf4 Kh3 43. Kf3 b3 44. Kf4 Kg2 45. Kf5 Kf3 46. Kg6
Kxg4 47. Kxh6 Kf4 48. Kg6 Ke4 0-1

[Event "Team Russia"]
[Site "Petergof"]
[Date "2015.08.08"]
[Round "8.30"]
[White "Gusarov, Aleksey"]
[Black "Azimov, Ilyas"]
[Result "1-0"]
[WhiteElo "2003"]
[BlackElo "2058"]
[PlyCount "111"]
[EventDate "2015.08.??"]
[EventType "team-swiss"]

1. e4 c5 2. c3 d5 3. exd5 Qxd5 4. Nf3 Nc6 5. d4 Bf5 6. dxc5 Qxd1+ 7. Kxd1
O-O-O+ 8. Ke1 Nf6 9. Be3 Nd5 10. Nbd2 e6 11. Nb3 Nxe3 12. fxe3 Be7 13. Bc4 g5
14. Nbd4 Bxc5 15. Nxf5 exf5 16. Bxf7 Bxe3 17. Ke2 f4 18. Rhd1 h6 19. Rxd8+ Kxd8
20. Rd1+ Ke7 21. Bh5 Rd8 22. Rxd8 Nxd8 23. Ne5 Kf6 24. Ng4+ Ke6 25. Nxe3 fxe3
26. Kxe3 Ke5 27. Bf3 b6 28. c4 Ne6 29. b4 Nd4 30. Kd3 Ne6 31. Bc6 Nf4+ 32. Ke3
Ne6 33. Bd5 Nf4 34. Bc6 Ne6 35. Bb7 Nd4 36. Kd3 Ne6 37. g3 h5 38. Bd5 Nd4 39.
Bg2 Ne6 40. Ke3 Nd4 41. Be4 h4 42. gxh4 gxh4 43. c5 bxc5 44. bxc5 Ne6 45. c6
Kd6 46. Bh1 Nd8 47. Kf4 Nxc6 48. Bxc6 Kxc6 49. Kg4 Kb5 50. Kxh4 Kb4 51. Kg4 Ka3
52. h4 Kxa2 53. h5 a5 54. h6 a4 55. h7 a3 56. h8=Q 1-0

[Event "Team Russia"]
[Site "Petergof"]
[Date "2015.08.08"]
[Round "8.31"]
[White "Petrushev, Nikita"]
[Black "Serov, Danila"]
[Result "1/2-1/2"]
[WhiteElo "2060"]
[BlackElo "1970"]
[PlyCount "103"]
[EventDate "2015.08.??"]
[EventType "team-swiss"]

1. e4 e5 2. Nf3 d6 3. d4 exd4 4. Nxd4 Nf6 5. Nc3 Be7 6. Be2 O-O 7. O-O c5 8.
Nf3 Nc6 9. Bf4 a6 10. a4 Be6 11. Ng5 d5 12. Nxe6 fxe6 13. exd5 exd5 14. Bg3 d4
15. Bc4+ Kh8 16. Ne2 Bd6 17. Nf4 Bxf4 18. Bxf4 Ne4 19. Bg3 Nxg3 20. hxg3 Ne5
21. Be2 Qf6 22. Qd2 Rad8 23. b3 Rd6 24. Rae1 Qf5 25. Qf4 Qxf4 26. gxf4 Nc6 27.
Bd3 g6 28. g3 Kg7 29. Re2 Rfd8 30. Rfe1 R8d7 31. Re8 Nb4 32. R1e7+ Kf6 33. Rxd7
Rxd7 34. Be4 b6 35. Kf1 Re7 36. Rxe7 Kxe7 37. Ke2 Kf6 38. Kd2 h6 39. c3 dxc3+
40. Kxc3 g5 41. fxg5+ hxg5 42. Kc4 Ke5 43. Bb7 Kd6 44. f4 gxf4 45. gxf4 Ke6 46.
Bxa6 Nxa6 47. Kb5 Nb4 48. Kxb6 Kd6 49. a5 Nd5+ 50. Kb7 Nxf4 51. a6 Nd5 52. a7
1/2-1/2

[Event "Team Russia"]
[Site "Petergof"]
[Date "2015.08.08"]
[Round "8.32"]
[White "Alieva, Alexandra"]
[Black "Rybakova, Polina"]
[Result "0-1"]
[WhiteElo "1963"]
[BlackElo "1926"]
[PlyCount "52"]
[EventDate "2015.08.??"]
[EventType "team-swiss"]

1. e4 c5 2. Nf3 d6 3. d4 cxd4 4. Qxd4 Nc6 5. Bb5 Bd7 6. Bxc6 Bxc6 7. Nc3 h6 8.
Be3 e5 9. Qd3 Nf6 10. O-O-O a6 11. Nd2 b5 12. Nd5 Bxd5 13. exd5 Be7 14. f4 exf4
15. Bxf4 O-O 16. g4 Qa5 17. Kb1 Qb4 18. g5 Qxf4 19. gxf6 Bxf6 20. Ne4 Be5 21.
Rdf1 Qh4 22. Rhg1 Kh8 23. Qe2 Rac8 24. Rg4 Qh5 25. Qf3 f5 26. Rg3 fxe4 0-1

[Event "Team Russia"]
[Site "Petergof"]
[Date "2015.08.08"]
[Round "8.34"]
[White "Kolbyshev, Sergei"]
[Black "Radzhabov, Rodion"]
[Result "1-0"]
[WhiteElo "2154"]
[BlackElo "2128"]
[PlyCount "62"]
[EventDate "2015.08.??"]
[EventType "team-swiss"]

1. d4 Nf6 2. Nf3 e6 3. c4 Bb4+ 4. Bd2 Qe7 5. g3 Nc6 6. Nc3 Bxc3 7. Bxc3 Ne4 8.
Bg2 d6 9. O-O O-O 10. Qc2 Nxc3 11. Qxc3 a5 12. e4 e5 13. d5 Nb8 14. c5 b6 15.
cxb6 cxb6 16. b4 Bg4 17. Nh4 Rc8 18. Qd2 Rc4 19. b5 g5 20. Nf5 Bxf5 21. Qe2 Rd4
22. exf5 Nd7 23. Kh1 Re8 24. Rae1 e4 25. Qh5 f6 26. f4 Qf7 27. Qh6 Qg7 28. Qh5
Qe7 29. Qh3 Nc5 30. fxg5 fxg5 31. Qh6 Rxd5 1-0

[Event "Team Russia"]
[Site "Petergof"]
[Date "2015.08.08"]
[Round "8.35"]
[White "Polosin, Evgeni"]
[Black "Kolmagorov, Alexey"]
[Result "1/2-1/2"]
[WhiteElo "2034"]
[BlackElo "1992"]
[PlyCount "48"]
[EventDate "2015.08.??"]
[EventType "team-swiss"]

1. e4 c5 2. Nf3 Nc6 3. c3 d5 4. e5 Bg4 5. Bb5 Qc7 6. d4 e6 7. O-O Nge7 8. dxc5
Ng6 9. b4 Ngxe5 10. Be2 Nxf3+ 11. Bxf3 Bf5 12. Na3 a6 13. Qa4 Be7 14. Nb5 Qd7
15. Rd1 O-O 16. Nd4 Bg6 17. Nxc6 Qxc6 18. Qb3 Bf6 19. Bb2 Qc7 20. Rac1 Bg5 21.
Ra1 Bf6 22. Rac1 Bg5 23. Ra1 Bf6 24. Rac1 Bg5 1/2-1/2

[Event "Team Russia"]
[Site "Petergof"]
[Date "2015.08.08"]
[Round "8.36"]
[White "Miroshnik, Ekaterina"]
[Black "Shnayder, Violetta"]
[Result "0-1"]
[WhiteElo "1786"]
[BlackElo "1932"]
[PlyCount "98"]
[EventDate "2015.08.??"]
[EventType "team-swiss"]

1. d4 Nf6 2. Nf3 g6 3. g3 Bg7 4. Bg2 d6 5. O-O O-O 6. c4 c6 7. b3 Nbd7 8. Bb2
Qc7 9. Nbd2 e5 10. e4 exd4 11. Nxd4 Nc5 12. Qc2 Re8 13. Rfe1 a5 14. a3 Qb6 15.
N4f3 Bg4 16. h3 Bxf3 17. Bxf3 Ncd7 18. Kg2 Ne5 19. Be2 Rad8 20. Bc3 d5 21. exd5
cxd5 22. Bxe5 Rxe5 23. c5 Qc6 24. b4 Rxe2 25. Rxe2 d4+ 26. Nf3 d3 27. Qd2 Nd5
28. Ree1 Bc3 29. Qg5 f6 30. Qg4 Bxa1 31. Rxa1 d2 32. Rd1 Kg7 33. Qd4 g5 34. b5
Qxb5 35. Nxg5 Qe2 36. Rb1 Ne3+ 37. Qxe3 Qxe3 38. fxe3 d1=Q 39. Ne6+ Kg6 40.
Rxd1 Rxd1 41. Nd4 Rd3 42. Nb5 a4 43. Kf3 Rb3 44. Nd6 Rxa3 45. Nxb7 Rc3 46. Ke4
a3 47. Kd4 a2 48. Kxc3 a1=Q+ 49. Kc4 Qa6+ 0-1

[Event "Team Russia"]
[Site "Petergof"]
[Date "2015.08.08"]
[Round "8.37"]
[White "Malyshev, Grigory"]
[Black "Pak, Alexander"]
[Result "1-0"]
[WhiteElo "2259"]
[BlackElo "2196"]
[PlyCount "59"]
[EventDate "2015.08.??"]
[EventType "team-swiss"]

1. d4 d5 2. c4 c6 3. Nc3 dxc4 4. e4 b5 5. a4 b4 6. Nb1 Ba6 7. Qc2 Nf6 8. Nd2 c5
9. d5 c3 10. bxc3 Bxf1 11. Kxf1 e6 12. c4 Nbd7 13. Ndf3 Qc7 14. Bb2 Ng4 15. g3
h5 16. Kg2 Be7 17. h3 Nge5 18. Nxe5 Nxe5 19. f4 Nd7 20. h4 Kf8 21. Rd1 Qb7 22.
Nf3 Rc8 23. d6 Bf6 24. e5 Bd8 25. f5 exf5 26. Qxf5 Rh6 27. Bc1 Re6 28. Qh7 Ke8
29. Qh8+ Nf8 30. d7+ 1-0

[Event "Team Russia"]
[Site "Petergof"]
[Date "2015.08.08"]
[Round "8.38"]
[White "Yeritsyan, Aram"]
[Black "Rudenko, Naum"]
[Result "1/2-1/2"]
[WhiteElo "2117"]
[BlackElo "1957"]
[PlyCount "104"]
[EventDate "2015.08.??"]
[EventType "team-swiss"]

1. e4 c5 2. Nf3 Nc6 3. d4 cxd4 4. Nxd4 e5 5. Nb5 a6 6. Nd6+ Bxd6 7. Qxd6 Qe7 8.
Qd3 Nf6 9. Nc3 d6 10. Bg5 Be6 11. Be2 Rd8 12. O-O h6 13. Be3 d5 14. exd5 Nxd5
15. Nxd5 Bxd5 16. Qc3 O-O 17. Bc5 Qg5 18. Qg3 Qxg3 19. hxg3 Rfe8 20. Rfd1 Be4
21. c3 Bc2 22. Rxd8 Rxd8 23. Be3 Bd3 24. Kf1 f5 25. b4 e4 26. a4 Bxe2+ 27. Kxe2
Rd3 28. Rc1 Ne5 29. Bd4 Nc4 30. Rd1 Rxd1 31. Kxd1 b5 32. axb5 axb5 33. Ke2 g6
34. f3 h5 35. g4 exf3+ 36. gxf3 hxg4 37. fxg4 fxg4 38. Kf2 Kf7 39. Kg3 Ke6 40.
Kxg4 Kd5 41. Kg5 Ne5 42. Kf4 Nd3+ 43. Kg5 Nxb4 44. Kxg6 Na2 45. Kf5 Kc4 46. Bg7
Nxc3 47. Bf8 Na4 48. Ke4 Nc5+ 49. Ke3 b4 50. Bxc5 Kxc5 51. Kd3 Kb5 52. Kc2 Kc4
1/2-1/2

[Event "Team Russia"]
[Site "Petergof"]
[Date "2015.08.08"]
[Round "8.39"]
[White "Bogdanov, Stanislav"]
[Black "Arkhipkin, Ilya"]
[Result "1/2-1/2"]
[WhiteElo "1846"]
[BlackElo "1974"]
[PlyCount "80"]
[EventDate "2015.08.??"]
[EventType "team-swiss"]

1. d4 d5 2. Nf3 Nf6 3. Bf4 c5 4. e3 Nc6 5. Be2 e6 6. O-O Bd6 7. Bg3 O-O 8. dxc5
Bxc5 9. c4 Re8 10. Nc3 dxc4 11. Bxc4 a6 12. a3 b5 13. Bd3 Bb7 14. b4 Be7 15.
Rc1 Qb6 16. Qc2 Rac8 17. Qb1 h6 18. Ne4 Nxe4 19. Bxe4 a5 20. Ne5 Nxe5 21. Bxe5
axb4 22. axb4 Bxe4 23. Qxe4 Rc4 24. Rxc4 bxc4 25. Qxc4 Qxb4 26. Qxb4 Bxb4 27.
Rb1 Be7 28. Rb8 Rxb8 29. Bxb8 f6 30. e4 Kf7 31. g4 Bc5 32. Kg2 e5 33. Bc7 Ke6
34. f3 g5 35. h3 Be7 36. Ba5 Bc5 37. Bc7 Be7 38. Ba5 Bc5 39. Bc7 Be7 40. Ba5
Bc5 1/2-1/2

[Event "Team Russia"]
[Site "Petergof"]
[Date "2015.08.08"]
[Round "8.40"]
[White "Obolentseva, Alexandra"]
[Black "Tikhonova, Dariya"]
[Result "1-0"]
[WhiteElo "2113"]
[BlackElo "1753"]
[PlyCount "73"]
[EventDate "2015.08.??"]
[EventType "team-swiss"]

1. d4 d5 2. c4 Bf5 3. Nc3 e6 4. cxd5 exd5 5. Nf3 Nf6 6. Qb3 Nc6 7. Bg5 Na5 8.
Qa4+ c6 9. Bxf6 gxf6 10. e3 Qb6 11. Nxd5 Qxb2 12. Rd1 O-O-O 13. Rd2 Qb1+ 14.
Rd1 Qb2 15. Rd2 Qb1+ 16. Rd1 Qc2 17. Qxc2 Bxc2 18. Rc1 Rxd5 19. Rxc2 Bb4+ 20.
Kd1 c5 21. Bd3 f5 22. Nh4 f4 23. Nf5 Re8 24. e4 Rdd8 25. d5 a6 26. f3 b5 27. g3
c4 28. gxf4 Nb7 29. Bf1 Bd6 30. Nxd6+ Rxd6 31. Kc1 f5 32. Bg2 Rf8 33. Rd1 Rfd8
34. Bh3 Kc7 35. Bxf5 Rf6 36. Rg2 Kb6 37. Rg5 1-0

[Event "Team Russia"]
[Site "Petergof"]
[Date "2015.08.08"]
[Round "8.41"]
[White "Shubin, Kirill"]
[Black "Chibukhchyan, Erik"]
[Result "1/2-1/2"]
[WhiteElo "2216"]
[BlackElo "1839"]
[PlyCount "80"]
[EventDate "2015.08.??"]
[EventType "team-swiss"]

1. e4 e6 2. d4 d5 3. Nd2 Nf6 4. e5 Nfd7 5. f4 c5 6. c3 Nc6 7. Ndf3 Qb6 8. g3
Be7 9. Ne2 O-O 10. Bh3 cxd4 11. cxd4 f6 12. exf6 Nxf6 13. O-O Bd7 14. a3 e5 15.
Bxd7 Nxd7 16. fxe5 Ndxe5 17. Bf4 Nxf3+ 18. Rxf3 g5 19. Rb3 Qa6 20. Be3 Bf6 21.
Rc1 Rae8 22. Rd3 Re4 23. Qb3 Kg7 24. Rcc3 Rd8 25. Kg2 Rd7 26. Qd1 Ne7 27. h4 h6
28. hxg5 hxg5 29. Nf4 gxf4 30. Qg4+ Kf8 31. Qxd7 fxe3 32. Rxe3 Qb6 33. Rf3 Kf7
34. Rc8 Qxb2+ 35. Kh3 Qxd4 36. Qe8+ Ke6 37. Rd8 Qe5 38. Qd7+ Kf7 39. Qe8+ Ke6
40. Qd7+ Kf7 1/2-1/2